[Event "4NCL/Div1c/WGHK2 vs. WRO1"]
[Site "Staverton Park ENG"]
[Date "2009.05.02"]
[Round "9.8"]
[White "Adams, David M"]
[Black "Tiller, Bjorn"]
[Result "1/2-1/2"]
[WhiteElo "2198"]
[BlackElo "2373"]
[PlyCount "114"]
[EventDate "2009.05.02"]
[EventType "team"]
[EventRounds "11"]
[EventCountry "ENG"]
[SourceDate "2008.10.04"]

1. e4 c5 2. c3 e6 3. d3 d5 4. Nd2 Nc6 5. Ngf3 f5 6. Be2 Nf6 7. O-O Bd6 8. exd5
exd5 9. d4 cxd4 10. Nxd4 Nxd4 11. cxd4 O-O 12. Nf3 Qe7 13. Re1 Ne4 14. Bd3 f4
15. Ne5 Nxf2 16. Kxf2 Qh4+ 17. Kg1 f3 18. Nxf3 Rxf3 19. Re8+ Rf8 20. Rxf8+ Bxf8
21. Bf1 Bf5 22. g3 Qf6 23. Bf4 Bd6 24. Bxd6 Qxd6 25. Qd2 Be4 26. Bg2 Re8 27.
Re1 h6 28. a3 Re7 29. Re3 Kh8 30. Rc3 Qf6 31. Re3 Bxg2 32. Kxg2 Qg5 33. Re2
Qxd2 34. Rxd2 Re4 35. Kf3 b5 36. Rd3 a6 37. h3 Kh7 38. Kf2 h5 39. Kf3 Kg6 40.
Rd2 Kf5 41. h4 a5 42. Rd3 b4 43. axb4 axb4 44. Rd2 Re1 45. Kf2 Re4 46. Kf3 g5
47. hxg5 Kxg5 48. Rd1 h4 49. gxh4+ Rxh4 50. Ke3 Rh2 51. Re1 Rxb2 52. Kd3 Rb3+
53. Kd2 Kf4 54. Re5 Ra3 55. Rxd5 Ke4 56. Rb5 Rd3+ 57. Kc2 Rxd4 1/2-1/2

[Event "4NCL/Div1c/GUI1 vs. WGHK1"]
[Site "Staverton Park ENG"]
[Date "2009.05.04"]
[Round "11.1"]
[White "Kurnosov, Igor"]
[Black "Lalic, Bogdan"]
[Result "1-0"]
[WhiteElo "2658"]
[BlackElo "2508"]
[PlyCount "131"]
[EventDate "2009.05.04"]
[EventType "team"]
[EventRounds "11"]
[EventCountry "ENG"]
[SourceDate "2008.10.04"]

1. e4 e5 2. Nf3 Nf6 3. d4 Nxe4 4. dxe5 Bc5 5. Bc4 Nxf2 6. Bxf7+ Kxf7 7. Qd5+
Ke8 8. Bg5 Be7 9. Bxe7 Qxe7 10. Kxf2 Na6 11. Nc3 Qc5+ 12. Kg3 Qxd5 13. Nxd5 b6
14. c4 Bb7 15. Rhe1 Rc8 16. e6 d6 17. Nd4 Bxd5 18. cxd5 Nb4 19. Rf1 Rf8 20.
Rxf8+ Kxf8 21. Rf1+ Kg8 22. Rf7 Nxd5 23. Nf5 Re8 24. Rxg7+ Kh8 25. Rf7 Kg8 26.
Rg7+ Kh8 27. Rd7 Kg8 28. Nd4 c5 29. Nf5 Rxe6 30. Rg7+ Kh8 31. Rxa7 h5 32. Kh4
Kg8 33. Kxh5 Nf4+ 34. Kg5 Nxg2 35. Rd7 Ne3 36. Rxd6 Re5 37. Kf4 Rxf5+ 38. Kxe3
b5 39. a3 Rh5 40. Rd2 Kf7 41. Kf4 Rh3 42. Ke5 c4 43. Kd4 Kg6 44. Kc5 Rb3 45. h4
Kh5 46. Rh2 Kg6 47. h5+ Kh6 48. Kd4 Rd3+ 49. Ke4 Rb3 50. Kd4 Rd3+ 51. Kc5 Rb3
52. a4 bxa4 53. Kxc4 Rb8 54. Kc3 Rb3+ 55. Kc2 Rg3 56. Rh1 Rf3 57. Rh4 a3 58. b3
Rf1 59. Ra4 Kxh5 60. Rxa3 Kg6 61. b4 Rf2+ 62. Kb3 Kf7 63. Ka4 Ke7 64. Rd3 Ra2+
65. Kb5 Ra8 66. Kc6 1-0

[Event "4NCL/Div1c/GUI1 vs. WGHK1"]
[Site "Staverton Park ENG"]
[Date "2009.05.04"]
[Round "11.2"]
[White "Baburin, Alexander"]
[Black "Pert, Nicholas"]
[Result "1/2-1/2"]
[WhiteElo "2541"]
[BlackElo "2537"]
[PlyCount "110"]
[EventDate "2009.05.04"]
[EventType "team"]
[EventRounds "11"]
[EventCountry "ENG"]
[SourceDate "2008.10.04"]

1. d4 d5 2. c4 c6 3. Nf3 Nf6 4. e3 Bg4 5. h3 Bxf3 6. Qxf3 e6 7. Nc3 Nbd7 8. Bd2
Bb4 9. Bd3 O-O 10. O-O dxc4 11. Bxc4 e5 12. Rad1 Qe7 13. Bb3 Rad8 14. Qf5 Bd6
15. Rfe1 e4 16. f3 g6 17. Qg5 Rde8 18. Rf1 Kg7 19. Bc2 exf3 20. Rxf3 Nd5 21.
Qxe7 Rxe7 22. e4 Nxc3 23. Bxc3 f6 24. Kh1 Rfe8 25. Rdf1 Bc7 26. Bb4 Rxe4 27.
Bxe4 Rxe4 28. Re1 Rxe1+ 29. Bxe1 Kf7 30. Rb3 Bb6 31. a4 a5 32. Bg3 Ke6 33. Re3+
Kf7 34. Bd6 Bd8 35. g3 f5 36. Rb3 Ke6 37. Bf4 b6 38. d5+ cxd5 39. Re3+ Kf7 40.
Rd3 Ke6 41. Re3+ Kf7 42. Kg2 Nc5 43. Re5 Bf6 44. Rxd5 Bxb2 45. Kf3 Nxa4 46. Be3
Nc5 47. Rd6 a4 48. Rxb6 a3 49. Bxc5 a2 50. Ra6 a1=Q 51. Rxa1 Bxa1 52. g4 Ke6
53. gxf5+ Kxf5 54. Bb6 h5 55. Bc5 Ke5 1/2-1/2

[Event "4NCL/Div1c/GUI1 vs. WGHK1"]
[Site "Staverton Park ENG"]
[Date "2009.05.04"]
[Round "11.4"]
[White "Cramling, Pia"]
[Black "Howell, David W L"]
[Result "1/2-1/2"]
[WhiteElo "2528"]
[BlackElo "2613"]
[PlyCount "62"]
[EventDate "2009.05.04"]
[EventType "team"]
[EventRounds "11"]
[EventCountry "ENG"]
[SourceDate "2008.10.04"]

1. d4 Nf6 2. Nf3 g6 3. c4 Bg7 4. Nc3 d5 5. Bg5 Ne4 6. Bh4 Nxc3 7. bxc3 dxc4 8.
Qa4+ Qd7 9. Qxc4 b6 10. e3 Ba6 11. Qb3 Bxf1 12. Kxf1 O-O 13. Ke2 c5 14. Rhd1
Nc6 15. Rab1 Rac8 16. Qb5 Qd5 17. a4 Rfd8 18. Kf1 h6 19. Qe2 Qe4 20. Rbc1 Rd7
21. h3 Rcd8 22. Bg3 Qe6 23. Rb1 Na5 24. Rdc1 Rc8 25. Qa6 Qc6 26. Qb5 Qe6 27.
Kg1 Rdd8 28. Qa6 Qd7 29. Qb5 Qe6 30. Qa6 Qd7 31. Qb5 Qe6 1/2-1/2

[Event "4NCL/Div1c/GUI1 vs. WGHK1"]
[Site "Staverton Park ENG"]
[Date "2009.05.04"]
[Round "11.6"]
[White "Arakhamia-Grant, Ketevan"]
[Black "Conquest, Stuart C"]
[Result "1-0"]
[WhiteElo "2492"]
[BlackElo "2549"]
[PlyCount "109"]
[EventDate "2009.05.04"]
[EventType "team"]
[EventRounds "11"]
[EventCountry "ENG"]
[SourceDate "2008.10.04"]

1. e4 Nf6 2. e5 Nd5 3. d4 d6 4. c4 Nb6 5. exd6 exd6 6. Nc3 Be7 7. Bd3 Nc6 8.
Nge2 O-O 9. O-O Bf6 10. Be3 Nb4 11. b3 Nxd3 12. Qxd3 Re8 13. Rfe1 Be7 14. Ng3
Bf8 15. Re2 Bg4 16. f3 Bd7 17. Rae1 c6 18. Qd2 h6 19. Bf2 Rxe2 20. Rxe2 d5 21.
c5 Nc8 22. Nh5 b6 23. Nf4 Bf5 24. Nd1 Bh7 25. Nb2 Ne7 26. Nbd3 Qc8 27. Ne5 Qb7
28. Qc3 Rc8 29. Re1 Rd8 30. Rc1 Rc8 31. g4 bxc5 32. dxc5 Re8 33. Re1 Qc8 34.
Bd4 Ng6 35. Nexg6 Bxg6 36. Nxg6 fxg6 37. Kg2 Re6 38. Rxe6 Qxe6 39. Kf2 h5 40.
h3 Kh7 41. Qe3 Qf7 42. b4 Be7 43. a4 a6 44. Kg2 Bd8 45. Be5 Qe6 46. Qd4 Kg8 47.
Kg3 Kf7 48. f4 Qe7 49. Kg2 hxg4 50. hxg4 Qh4 51. Qd1 Be7 52. Bd4 Kf8 53. Qe2
Bf6 54. Bf2 Qh7 55. Qxa6 1-0

[Event "4NCL/Div1c/GUI1 vs. WGHK1"]
[Site "Staverton Park ENG"]
[Date "2009.05.04"]
[Round "11.7"]
[White "Hebden, Mark L"]
[Black "Szabo, Krisztian"]
[Result "0-1"]
[WhiteElo "2510"]
[BlackElo "2518"]
[PlyCount "78"]
[EventDate "2009.05.04"]
[EventType "team"]
[EventRounds "11"]
[EventCountry "ENG"]
[SourceDate "2008.10.04"]

1. d4 Nf6 2. Nf3 d5 3. c4 e6 4. Bg5 dxc4 5. Nc3 c6 6. e4 b5 7. e5 h6 8. Bh4 g5
9. Nxg5 hxg5 10. Bxg5 Nbd7 11. exf6 Bb7 12. g3 c5 13. d5 Qb6 14. Bg2 O-O-O 15.
O-O b4 16. Rb1 Qa6 17. Qg4 bxc3 18. bxc3 Bxd5 19. Bxd5 exd5 20. Rfe1 Bd6 21. h4
Rde8 22. Rbd1 Qc6 23. Re3 Rxe3 24. Bxe3 Be5 25. h5 Kc7 26. h6 Bxf6 27. Bf4+ Kb7
28. Qh5 Nb6 29. Qxf7+ Ka6 30. Re1 Bxc3 31. Re7 Ra8 32. Re6 Rf8 33. Qg6 Qd7 34.
Bd6 Rc8 35. Bf4 Bd4 36. g4 Rf8 37. Bg3 Qa4 38. Re1 Qa3 39. Qd6 Qf3 0-1

[Event "4NCL/Div1c/GUI1 vs. WGHK1"]
[Site "Staverton Park ENG"]
[Date "2009.05.04"]
[Round "11.8"]
[White "Greet, Andrew N"]
[Black "Lalic, Susan"]
[Result "1-0"]
[WhiteElo "2431"]
[BlackElo "2342"]
[PlyCount "65"]
[EventDate "2009.05.04"]
[EventType "team"]
[EventRounds "11"]
[EventCountry "ENG"]
[SourceDate "2008.10.04"]

1. e4 e6 2. d4 d5 3. Nc3 Bb4 4. e5 c5 5. a3 Bxc3+ 6. bxc3 Qa5 7. Bd2 Qa4 8. Qg4
g6 9. Qd1 b6 10. c4 Nc6 11. dxc5 bxc5 12. c3 Qxd1+ 13. Rxd1 d4 14. Nf3 dxc3 15.
Bxc3 Bb7 16. Bd3 Nge7 17. Ng5 O-O 18. Rb1 Rad8 19. Rxb7 Rxd3 20. Ne4 Rfd8 21.
Ke2 g5 22. Rc7 Ng6 23. Rxc6 Nf4+ 24. Kf1 Rd1+ 25. Be1 Nd3 26. Ke2 Nf4+ 27. Kf3
h5 28. Nxg5 Ng6 29. Kg3 Nxe5 30. Rc7 R8d4 31. h3 Nd3 32. Nf3 Nxe1 33. Rxe1 1-0

[Event "4NCL/Div1c/PAP vs. BAR1"]
[Site "Staverton Park ENG"]
[Date "2009.05.04"]
[Round "11.1"]
[White "Adams, Michael J"]
[Black "D'Costa, Lorin A R"]
[Result "1-0"]
[WhiteElo "2703"]
[BlackElo "2485"]
[PlyCount "63"]
[EventDate "2009.05.04"]
[EventType "team"]
[EventRounds "11"]
[EventCountry "ENG"]
[SourceDate "2008.10.04"]

1. e4 c5 2. Nf3 e6 3. d4 cxd4 4. Nxd4 a6 5. Bd3 Nf6 6. O-O Qc7 7. Qe2 d6 8. c4
g6 9. Nc3 Bg7 10. Nf3 O-O 11. h3 Nc6 12. Be3 Nd7 13. Rac1 Re8 14. Rfd1 b6 15.
Qd2 Nc5 16. Bb1 Bf8 17. Bh6 Bxh6 18. Qxh6 Bb7 19. Nh2 Rad8 20. Ng4 Qe7 21. f4
f6 22. Rd2 b5 23. cxb5 axb5 24. Nxb5 f5 25. exf5 exf5 26. Bxf5 Ba6 27. Bxg6
hxg6 28. Qxg6+ Qg7 29. Nf6+ Kf8 30. Qxg7+ Kxg7 31. Nxe8+ Rxe8 32. Nxd6 1-0

[Event "4NCL/Div1c/PAP vs. BAR1"]
[Site "Staverton Park ENG"]
[Date "2009.05.04"]
[Round "11.2"]
[White "Turner, Matthew J"]
[Black "Emms, John M"]
[Result "1-0"]
[WhiteElo "2511"]
[BlackElo "2487"]
[PlyCount "135"]
[EventDate "2009.05.04"]
[EventType "team"]
[EventRounds "11"]
[EventCountry "ENG"]
[SourceDate "2008.10.04"]

1. e4 c5 2. Nf3 e6 3. c3 d5 4. Bb5+ Bd7 5. Bxd7+ Qxd7 6. d3 dxe4 7. dxe4 Qxd1+
8. Kxd1 Nc6 9. Bf4 Nf6 10. Re1 Be7 11. h3 Nd7 12. Na3 e5 13. Bc1 O-O-O 14. Ke2
a6 15. Nc2 b5 16. Be3 Kb7 17. Rad1 Nb6 18. Bc1 Nc4 19. Rd5 Nb6 20. Rxd8 Rxd8
21. Ne3 f6 22. h4 b4 23. Rd1 Rxd1 24. Kxd1 c4 25. Nd2 Na5 26. Nf5 bxc3 27. Nxe7
cxd2 28. Bxd2 Nc6 29. Nf5 g6 30. Nd6+ Kb8 31. Be3 Nd4 32. f4 Nd7 33. Nxc4 Nc6
34. g3 Kc7 35. Kd2 h5 36. a3 exf4 37. Bxf4+ Kd8 38. b4 Ke7 39. Ne3 Nce5 40. Kc3
Ke6 41. Nd5 Kd6 42. a4 Kc6 43. Bxe5 fxe5 44. Kc4 Kd6 45. a5 Kc6 46. Ne7+ Kd6
47. Nxg6 Nf6 48. Kd3 Ng4 49. Ke2 Nf6 50. Kd3 Ng4 51. Kc4 Nf6 52. b5 axb5+ 53.
Kxb5 Kc7 54. Nxe5 Nxe4 55. g4 Nd6+ 56. Kb4 hxg4 57. Nxg4 Ne4 58. h5 Ng5 59. h6
Nh7 60. Kb5 Kb7 61. Ne3 Nf6 62. Nd5 Nh7 63. a6+ Ka7 64. Ka5 Nf8 65. Nf6 Ng6 66.
h7 Nh8 67. Ne8 Nf7 68. Nc7 1-0

[Event "4NCL/Div1c/PAP vs. BAR1"]
[Site "Staverton Park ENG"]
[Date "2009.05.04"]
[Round "11.3"]
[White "Grafl, Florian"]
[Black "Collinson, Adam"]
[Result "1/2-1/2"]
[WhiteElo "2407"]
[BlackElo "2392"]
[PlyCount "38"]
[EventDate "2009.05.04"]
[EventType "team"]
[EventRounds "11"]
[EventCountry "ENG"]
[SourceDate "2008.10.04"]

1. e4 d6 2. Nc3 Nf6 3. f4 Bg4 4. Nf3 Nc6 5. d4 e5 6. d5 Nd4 7. Be3 Nxf3+ 8.
gxf3 exf4 9. Bxf4 Bd7 10. Qd2 Be7 11. O-O-O Nh5 12. Be3 f5 13. Rg1 O-O 14. Bb5
a6 15. Bxd7 Qxd7 16. Qg2 fxe4 17. fxe4 Rf7 18. Ne2 Bf6 19. Nd4 Bxd4 1/2-1/2

[Event "4NCL/Div1c/PAP vs. BAR1"]
[Site "Staverton Park ENG"]
[Date "2009.05.04"]
[Round "11.4"]
[White "Devereaux, Maxim"]
[Black "Ward, Chris G"]
[Result "0-1"]
[WhiteElo "2388"]
[BlackElo "2422"]
[PlyCount "116"]
[EventDate "2009.05.04"]
[EventType "team"]
[EventRounds "11"]
[EventCountry "ENG"]
[SourceDate "2008.10.04"]

1. d4 Nf6 2. c4 c5 3. d5 e6 4. Nc3 exd5 5. cxd5 d6 6. e4 g6 7. f4 Bg7 8. Bb5+
Nfd7 9. Be2 a6 10. a4 Qh4+ 11. g3 Qd8 12. Nf3 O-O 13. O-O Re8 14. Qc2 Nf6 15.
Kg2 Bg4 16. h3 Bxf3+ 17. Bxf3 Nbd7 18. Bd2 c4 19. Rae1 Qc7 20. Be3 Rab8 21. Ba7
Rbc8 22. Bg1 h5 23. Re2 Rb8 24. g4 hxg4 25. hxg4 b5 26. axb5 axb5 27. g5 Nh7
28. Nd1 Nc5 29. Bxc5 Qxc5 30. Ne3 Ra8 31. Ng4 Ra2 32. Qb1 Rea8 33. e5 dxe5 34.
d6 Qxd6 35. Bxa8 Rxa8 36. Nxe5 Re8 37. Qe1 Nxg5 38. Ng4 Qd5+ 39. Kh2 Ne6 40.
Qh4 Qd3 41. Rff2 Ra8 42. Nf6+ Bxf6 43. Qxf6 Nd4 44. Re7 Rf8 45. Rc7 Nf3+ 46.
Kg2 Ne1+ 47. Kh2 Qe3 48. Qh4 Nf3+ 49. Rxf3 Qxf3 50. Qf6 Qd5 51. Re7 Rd8 52. Kg3
Qf5 53. Rxf7 Rd3+ 54. Kf2 Qc5+ 55. Kf1 Rf3+ 56. Ke2 Qe3+ 57. Kd1 Rf1+ 58. Kc2
Rc1# 0-1

[Event "4NCL/Div1c/PAP vs. BAR1"]
[Site "Staverton Park ENG"]
[Date "2009.05.04"]
[Round "11.5"]
[White "Pokorna, Regina"]
[Black "Cox, John J"]
[Result "1-0"]
[WhiteElo "2368"]
[BlackElo "2367"]
[PlyCount "43"]
[EventDate "2009.05.04"]
[EventType "team"]
[EventRounds "11"]
[EventCountry "ENG"]
[SourceDate "2008.10.04"]

1. e4 e5 2. Nf3 Nc6 3. Bc4 Bc5 4. c3 Nf6 5. d3 a6 6. Bb3 d6 7. O-O Ba7 8. Nbd2
O-O 9. h3 h6 10. Re1 Nh5 11. Nf1 Qf6 12. Be3 Be6 13. Bc2 Nf4 14. d4 d5 15. Bxf4
Qxf4 16. Ng3 g6 17. exd5 Bxd5 18. Nxe5 Nxe5 19. Rxe5 Rad8 20. Qd3 c5 21. Nh5
Qh4 22. g3 1-0

[Event "4NCL/Div1c/PAP vs. BAR1"]
[Site "Staverton Park ENG"]
[Date "2009.05.04"]
[Round "11.6"]
[White "Ferguson, Mark"]
[Black "Kilpatrick, Callum"]
[Result "1/2-1/2"]
[WhiteElo "2408"]
[BlackElo "2211"]
[PlyCount "230"]
[EventDate "2009.05.04"]
[EventType "team"]
[EventRounds "11"]
[EventCountry "ENG"]
[SourceDate "2008.10.04"]

1. e4 e5 2. Nf3 Nc6 3. Bb5 a6 4. Bxc6 dxc6 5. O-O Bg4 6. h3 h5 7. d3 Qf6 8.
Nbd2 Ne7 9. Nc4 Bxf3 10. Qxf3 Qxf3 11. gxf3 Ng6 12. Be3 f6 13. Rfd1 c5 14. c3
O-O-O 15. Kf1 Be7 16. a3 Nf8 17. f4 exf4 18. Bxf4 Ne6 19. Be3 g5 20. Ke2 Rhf8
21. f3 f5 22. Rg1 fxe4 23. dxe4 b5 24. Ne5 Bf6 25. Nd3 Be7 26. Raf1 Rde8 27.
Rc1 Rd8 28. Rcf1 Rde8 29. h4 gxh4 30. f4 c4 31. Ne5 Bc5 32. Ng6 Rf7 33. f5 Bxe3
34. Kxe3 Nc5 35. e5 h3 36. Rh1 Nd3 37. e6 Rxf5 38. Rxf5 Rxe6+ 39. Kd4 Rd6+ 40.
Ke3 Rxg6 41. b4 Re6+ 42. Kf3 Ne1+ 43. Kf2 h2 44. Rxh2 Nc2 45. Rhxh5 Ne1 46. Rh7
Nd3+ 47. Kf3 Kb7 48. Rg5 Ne1+ 49. Kf4 Nd3+ 50. Kg4 Rc6 51. Kf3 Rf6+ 52. Kg3 Rc6
53. Rgg7 Nc1 54. Kf2 Na2 55. Rh3 Rf6+ 56. Ke2 Nc1+ 57. Kd2 Nd3 58. Rhh7 Rc6 59.
Re7 Kb6 60. Ke3 Kb7 61. Rh8 Rg6 62. Kf3 Rf6+ 63. Kg4 Nb2 64. Ree8 Na4 65. Ra8
Rg6+ 66. Kf4 Rf6+ 67. Ke5 Rf3 68. Rab8+ Ka7 69. Ra8+ Kb7 70. Rhb8+ Kc6 71.
Rxa6+ Nb6 72. Rh8 Rxc3 73. Rh6+ Kb7 74. Ra5 Rg3 75. Kf4 Rd3 76. Rxb5 Rxa3 77.
Rc5 Ra8 78. Rh7 Rc8 79. Ke4 Re8+ 80. Kf3 Rf8+ 81. Ke2 Re8+ 82. Kd2 Rd8+ 83. Kc2
Rc8 84. b5 Kb8 85. Rc6 Kb7 86. Kc3 Kb8 87. Kb4 Kb7 88. Rg7 Kb8 89. Ka5 c3 90.
Rxc3 Kb7 91. Rc6 Ra8+ 92. Kb4 Rc8 93. Rh7 Kb8 94. Ka5 Na8 95. Ka6 Nb6 96. Rg7
Nd5 97. Rc5 Nb6 98. Rg6 Re8 99. Rcg5 Nc8 100. Rg1 Re2 101. Ka5 Kb7 102. Rg8 Nd6
103. Rf8 Ra2+ 104. Kb4 Rb2+ 105. Kc3 Rxb5 106. Rgg8 Kc6 107. Rg6 Rc5+ 108. Kd2
Rd5+ 109. Kc2 Rh5 110. Rf3 Rh2+ 111. Kb3 Kb6 112. Rc3 Rh5 113. Rg7 Nb5 114.
Rcg3 Re5 115. R7g6+ c6 1/2-1/2

[Event "4NCL/Div1c/PAP vs. BAR1"]
[Site "Staverton Park ENG"]
[Date "2009.05.04"]
[Round "11.7"]
[White "Constantinou, Peter"]
[Black "Knott, Simon"]
[Result "1/2-1/2"]
[WhiteElo "2235"]
[BlackElo "2350"]
[PlyCount "86"]
[EventDate "2009.05.04"]
[EventType "team"]
[EventRounds "11"]
[EventCountry "ENG"]
[SourceDate "2008.10.04"]

1. d4 Nf6 2. c3 g6 3. Bg5 Bg7 4. Nd2 d5 5. e3 O-O 6. Bd3 b6 7. Ngf3 Nbd7 8. O-O
Bb7 9. Qb1 c5 10. b4 Qc8 11. a4 Re8 12. a5 c4 13. Bc2 b5 14. h3 e5 15. dxe5
Nxe5 16. Nxe5 Rxe5 17. Bxf6 Bxf6 18. Nf3 Re7 19. Nd4 a6 20. Bd1 Bxd4 21. exd4
Qc6 22. Bf3 Rae8 23. Qc1 Bc8 24. Qd2 Bf5 25. Rae1 Be4 26. Bxe4 Rxe4 27. f3 R4e6
28. Kf2 Kg7 29. Rxe6 Qxe6 30. Re1 Qxe1+ 31. Qxe1 Rxe1 32. Kxe1 Kf6 33. Kf2 Kf5
34. g3 h5 35. Ke3 f6 36. f4 g5 37. Kf3 g4+ 38. hxg4+ hxg4+ 39. Ke3 Kg6 40. Ke2
Kh6 41. Kf2 Kh5 42. Ke2 Kg6 43. Kf2 f5 1/2-1/2

[Event "4NCL/Div1c/PAP vs. BAR1"]
[Site "Staverton Park ENG"]
[Date "2009.05.04"]
[Round "11.8"]
[White "Lauterbach, Ingrid"]
[Black "Auckland, Elliott"]
[Result "1-0"]
[WhiteElo "2158"]
[BlackElo "2002"]
[PlyCount "67"]
[EventDate "2009.05.04"]
[EventType "team"]
[EventRounds "11"]
[EventCountry "ENG"]
[SourceDate "2008.10.04"]

1. e4 c5 2. f4 a6 3. Nf3 b5 4. Be2 Bb7 5. d3 e6 6. O-O d5 7. e5 d4 8. Ng5 h6 9.
Ne4 g6 10. Bf3 Qc7 11. a4 bxa4 12. Na3 Bxe4 13. Bxe4 Ra7 14. Nc4 Nd7 15. c3 Be7
16. Qxa4 Kf8 17. Na5 Nb8 18. cxd4 cxd4 19. Bd2 Qd7 20. Rfc1 Kg7 21. Qxd7 Rxd7
22. Rc8 Rd8 23. Rc4 g5 24. Nb7 Rf8 25. Rxd4 g4 26. Rc4 f5 27. exf6+ Bxf6 28.
Nc5 Kf7 29. Bc3 Bxc3 30. bxc3 Ne7 31. Nxa6 Nxa6 32. Rxa6 Rb8 33. Rc7 Kf6 34. d4
1-0

[Event "4NCL/Div1c/WGHK2 vs. GUI2"]
[Site "Staverton Park ENG"]
[Date "2009.05.04"]
[Round "11.1"]
[White "Hanley, Craig A"]
[Black "Shaw, John K"]
[Result "0-1"]
[WhiteElo "2430"]
[BlackElo "2469"]
[PlyCount "80"]
[EventDate "2009.05.04"]
[EventType "team"]
[EventRounds "11"]
[EventCountry "ENG"]
[SourceDate "2008.10.04"]

1. e4 d6 2. g3 c5 3. Bg2 Nc6 4. Ne2 e5 5. c3 h5 6. h3 h4 7. g4 Be7 8. f4 exf4
9. Nxf4 Bg5 10. d4 Nge7 11. O-O O-O 12. Ne6 Bxe6 13. Bxg5 cxd4 14. cxd4 Qb6 15.
Rf2 f6 16. Be3 d5 17. Nc3 Rad8 18. Qe1 Qc7 19. Bf4 Qc8 20. Nb5 dxe4 21. Nd6 Qd7
22. Bxe4 Bd5 23. Bxd5+ Nxd5 24. Bh2 Nce7 25. Qe4 Qc6 26. Qe6+ Kh7 27. Re1 Rd7
28. g5 f5 29. a3 f4 30. Re5 Ng6 31. Rxd5 Re7 32. Qg4 Re1+ 33. Rf1 Rxf1+ 34.
Kxf1 Qxd5 35. Qh5+ Kg8 36. Qxg6 Qh1+ 37. Bg1 Qxh3+ 38. Ke1 f3 39. d5 f2+ 40.
Bxf2 Qh1+ 0-1

[Event "4NCL/Div1c/WGHK2 vs. GUI2"]
[Site "Staverton Park ENG"]
[Date "2009.05.04"]
[Round "11.2"]
[White "King, Daniel J"]
[Black "McDonald, Neil"]
[Result "0-1"]
[WhiteElo "2512"]
[BlackElo "2405"]
[PlyCount "72"]
[EventDate "2009.05.04"]
[EventType "team"]
[EventRounds "11"]
[EventCountry "ENG"]
[SourceDate "2008.10.04"]

1. e4 e6 2. d4 d5 3. Nc3 Nf6 4. Bg5 Bb4 5. exd5 Qxd5 6. Bxf6 Bxc3+ 7. bxc3 gxf6
8. Qd2 Qa5 9. Bd3 Bd7 10. Ne2 Bc6 11. f3 Nd7 12. O-O O-O-O 13. Be4 Bd5 14. a4
Nb6 15. Rfb1 a6 16. Bd3 c5 17. Nf4 Bc6 18. Be4 Bxe4 19. fxe4 Rxd4 20. Qf2 Rxe4
21. Nd3 Rxa4 22. Rxa4 Nxa4 23. Qxf6 Qxc3 24. Ne5 Qd4+ 25. Kh1 Rd8 26. h3 Nc3
27. Re1 Ne4 28. Qg7 Nd6 29. Qxh7 Qc3 30. Qh4 Nf5 31. Qf2 Rd2 32. Qg1 Ng3+ 33.
Kh2 Ne2 34. Rxe2 Rxe2 35. Nxf7 Qd4 36. Qc1 Qf2 0-1

[Event "4NCL/Div1c/WGHK2 vs. GUI2"]
[Site "Staverton Park ENG"]
[Date "2009.05.04"]
[Round "11.3"]
[White "Houska, Jovanka"]
[Black "Cherniaev, Alexander"]
[Result "0-1"]
[WhiteElo "2402"]
[BlackElo "2423"]
[PlyCount "118"]
[EventDate "2009.05.04"]
[EventType "team"]
[EventRounds "11"]
[EventCountry "ENG"]
[SourceDate "2008.10.04"]

1. d4 Nf6 2. Nf3 g6 3. c4 Bg7 4. g3 O-O 5. Bg2 d6 6. O-O Nbd7 7. Nc3 a6 8. b3
Rb8 9. e4 b5 10. cxb5 axb5 11. Re1 e5 12. Bb2 b4 13. Nd5 Nxd5 14. exd5 e4 15.
Rxe4 Nf6 16. Re2 Nxd5 17. Nd2 Nc3 18. Bxc3 bxc3 19. Ne4 c5 20. dxc5 d5 21. Nd6
Bg4 22. f3 Be6 23. a3 c2 24. Rxc2 Bxa1 25. Qxa1 Rxb3 26. h4 Qa5 27. h5 Qxa3 28.
Qf6 Rb1+ 29. Kh2 Qe3 30. g4 Rb4 31. c6 Rf4 32. Qe7 Qe5 33. Kg1 Rb4 34. Ne8 Rb1+
35. Bf1 h6 36. Nf6+ Kg7 37. Nd7 Qd4+ 38. Kg2 Rc8 39. Re2 Rb2 40. hxg6 Rxe2+ 41.
Bxe2 Qb2 42. Kg3 Kxg6 43. Bd3+ Kg7 44. Bf5 Bxf5 45. gxf5 Rxc6 46. Qe8 Qc3 47.
Qd8 Rc8 48. Qe7 Qc7+ 49. Kh3 Qf4 50. Qf6+ Kg8 51. Ne5 Rf8 52. Ng4 Qxf3+ 53. Kh4
Qh1+ 54. Kg3 Kh7 55. Kf2 Qh5 56. Ne5 Ra8 57. Nxf7 Ra2+ 58. Kg3 Qh2+ 59. Kf3
Ra3+ 0-1

[Event "4NCL/Div1c/WGHK2 vs. GUI2"]
[Site "Staverton Park ENG"]
[Date "2009.05.04"]
[Round "11.6"]
[White "Buckley, Graeme"]
[Black "Broomfield, Matthew"]
[Result "1/2-1/2"]
[WhiteElo "2395"]
[BlackElo "2341"]
[PlyCount "83"]
[EventDate "2009.05.04"]
[EventType "team"]
[EventRounds "11"]
[EventCountry "ENG"]
[SourceDate "2008.10.04"]

1. d4 Nf6 2. c4 e6 3. Nc3 Bb4 4. e3 d5 5. Nf3 O-O 6. Bd3 c5 7. O-O dxc4 8. Bxc4
b6 9. a3 cxd4 10. axb4 dxc3 11. bxc3 Qc7 12. Qb3 Bb7 13. Be2 Nbd7 14. Bb2 Rfc8
15. c4 a5 16. Nd4 axb4 17. Qxb4 Ne4 18. f3 Qc5 19. Qxc5 Nexc5 20. Rfd1 Na4 21.
Rab1 Ndc5 22. Nb5 Rd8 23. Be5 Bc6 24. Kf2 f6 25. Ba1 Kf7 26. h4 h5 27. e4 Bxb5
28. cxb5 e5 29. Bc4+ Ke7 30. Bd5 Ra7 31. Rbc1 Rc7 32. Rc4 Nxe4+ 33. Rxe4 Nc5
34. Re2 Rcd7 35. Red2 Nb3 36. Bc3 Nxd2 37. Bb4+ Ke8 38. Bc6 Nb3 39. Rd6 Nc5 40.
Bxc5 bxc5 41. Rd5 c4 42. Rc5 1/2-1/2

[Event "4NCL/Div1c/WGHK2 vs. GUI2"]
[Site "Staverton Park ENG"]
[Date "2009.05.04"]
[Round "11.8"]
[White "Sandu, Mihaela"]
[Black "Briscoe, Christopher"]
[Result "1/2-1/2"]
[WhiteElo "2305"]
[BlackElo "2267"]
[PlyCount "32"]
[EventDate "2009.05.04"]
[EventType "team"]
[EventRounds "11"]
[EventCountry "ENG"]
[SourceDate "2008.10.04"]

1. e4 e5 2. Nf3 d6 3. d4 exd4 4. Nxd4 Nf6 5. Nc3 Be7 6. Bd3 Nc6 7. Nxc6 bxc6 8.
O-O O-O 9. Ne2 d5 10. Ng3 Bc5 11. Bg5 h6 12. Bxf6 Qxf6 13. c3 a5 14. Qe2 Qf4
15. Rae1 Bg4 16. Qc2 h5 1/2-1/2

[Event "4NCL/Div1c/GADS vs. WRO1"]
[Site "Staverton Park ENG"]
[Date "2009.05.04"]
[Round "11.2"]
[White "McNab, Colin"]
[Black "Davies, Nigel R"]
[Result "1/2-1/2"]
[WhiteElo "2472"]
[BlackElo "2487"]
[PlyCount "28"]
[EventDate "2009.05.04"]
[EventType "team"]
[EventRounds "11"]
[EventCountry "ENG"]
[SourceDate "2008.10.04"]

1. Nf3 Nf6 2. c4 g6 3. g3 Bg7 4. Bg2 O-O 5. O-O c6 6. d4 d6 7. Nc3 Bf5 8. b3
Ne4 9. Bb2 Nxc3 10. Bxc3 Be4 11. e3 d5 12. Qe2 Nd7 13. Rac1 Nf6 14. Rfd1 a5
1/2-1/2

[Event "4NCL/Div1c/GADS vs. WRO1"]
[Site "Staverton Park ENG"]
[Date "2009.05.04"]
[Round "11.3"]
[White "Jirka, Jiri"]
[Black "Palliser, Richard"]
[Result "1/2-1/2"]
[WhiteElo "2460"]
[BlackElo "2414"]
[PlyCount "52"]
[EventDate "2009.05.04"]
[EventType "team"]
[EventRounds "11"]
[EventCountry "ENG"]
[SourceDate "2008.10.04"]

1. d4 Nf6 2. c4 g6 3. g3 c5 4. d5 b5 5. cxb5 a6 6. bxa6 Nxa6 7. Nc3 Bg7 8. Bg2
d6 9. Nf3 O-O 10. O-O Bf5 11. Re1 Ne4 12. Nxe4 Bxe4 13. Nd2 Bxg2 14. Kxg2 Nb4
15. Nc4 Rxa2 16. Rxa2 Nxa2 17. Bd2 Qa8 18. e4 Rb8 19. Re3 Qa6 20. Rb3 Nb4 21.
Qc1 Qa2 22. Qc2 Qa4 23. Qd3 Qb5 24. Qf1 Qa4 25. Qd3 Qb5 26. Qf1 Qa4 1/2-1/2

[Event "4NCL/Div1c/GADS vs. WRO1"]
[Site "Staverton Park ENG"]
[Date "2009.05.04"]
[Round "11.5"]
[White "Richardson, John R"]
[Black "Adams, David M"]
[Result "0-1"]
[WhiteElo "2308"]
[BlackElo "2198"]
[PlyCount "54"]
[EventDate "2009.05.04"]
[EventType "team"]
[EventRounds "11"]
[EventCountry "ENG"]
[SourceDate "2008.10.04"]

1. d4 e6 2. c4 f5 3. g3 Nf6 4. Bg2 Be7 5. Nf3 O-O 6. O-O d6 7. Nbd2 Nc6 8. b3
e5 9. d5 Nb8 10. Ng5 c6 11. e4 Nxd5 12. Nxh7 Nc3 13. Qf3 Kxh7 14. Qxc3 f4 15.
c5 b5 16. Nf3 b4 17. Qc2 Bg4 18. Bb2 Nd7 19. cxd6 Bxd6 20. Qxc6 Rf6 21. Qd5
fxg3 22. fxg3 Qb6+ 23. Kh1 Raf8 24. Nd2 Rxf1+ 25. Rxf1 Rxf1+ 26. Nxf1 Qf2 27.
Qxd6 Bf3 0-1